Libraries and their uses : (Record no. 123401)

MARC details
000 -LEADER
fixed length control field 00689nam a22002297a 4500
005 - DATE AND TIME OF LATEST TRANSACTION
control field 20170124105924.0
010 ## - LIBRARY OF CONGRESS CONTROL NUMBER
LC control number 772578
020 ## - INTERNATIONAL STANDARD BOOK NUMBER
Terms of availability 00.00
035 ## - SYSTEM CONTROL NUMBER
System control number 772578
037 ## - SOURCE OF ACQUISITION
Source of stock number/acquisition Cen Lib/Ret
040 ## - CATALOGING SOURCE
Original cataloging agency DPL
Language of cataloging EN
082 ## - DEWEY DECIMAL CLASSIFICATION NUMBER
Classification number 020
Item number DUT
100 ## - MAIN ENTRY--PERSONAL NAME
Personal name Dutta, D. N.
9 (RLIN) 71967
245 ## - TITLE STATEMENT
Title Libraries and their uses :
Statement of responsibility, etc by D. N. Dutta
Remainder of title a guide for the users /
260 ## - PUBLICATION, DISTRIBUTION, ETC. (IMPRINT)
Place of publication, distribution, etc Calcutta
Name of publisher, distributor, etc The World Press
Date of publication, distribution, etc 1975
270 ## - ADDRESS
Address 37A, College Street
City Calcutta
Postal code 700012
300 ## - PHYSICAL DESCRIPTION
Extent vii,163p.
Dimensions 21cm(Hb)
500 ## - GENERAL NOTE
General note Includes bibliographical references and index
650 ## - SUBJECT ADDED ENTRY--TOPICAL TERM
Topical term or geographic name as entry element Library science
9 (RLIN) 71968
650 ## - SUBJECT ADDED ENTRY--TOPICAL TERM
Topical term or geographic name as entry element Librarie services
9 (RLIN) 71969
942 ## - ADDED ENTRY ELEMENTS (KOHA)
Source of classification or shelving scheme Dewey Decimal Classification
Koha item type English Books
Classification part 020
Call number suffix DUT
Holdings
Withdrawn status Lost status Damaged status Not for loan Collection code Home library Current library Date acquired Source of acquisition Cost, normal purchase price Total Checkouts Full call number Barcode Date last seen Copy number Cost, replacement price Price effective from Koha item type
      Not For Loan Reference Central Library Central Library 05/06/2015 Cen Lib/Ret 0.00   020 DUT 772578 05/06/2015 1 0.00 05/06/2015 English Books

© Delhi Public Library
Hit Counter
free hit counter